000
00251nam a2200121Ia 4500
100
_a
#N/A
942
_c
BK
245
_a
Modelling and Control of VEHICULAR AND ROBOTIC SYSTEMS
260
_b
#N/A
082
_b
22697
546
_a
ENGLISH
999
_c
20217
_d
20217